000 00430cam a22001217a 4500
008 180718b1979 xxu||||| |||| 00| 0 eng d
082 _aA81x54 In2/71/7/PT5A
100 _aCensus of India 1971
245 _aHimachal Pradesh: special tables on scheduled castes and scheduled tribes
260 _aDelhi
_bThe Controller of Publications
_c1979
300 _a184+p.
440 _aCensus of India 1971. Series-7, Himachal Pradesh. Part-VA
999 _c485123
_d485123